000 00642cam a22002291 4500
001 ca 36001790
003 DLC
005 20260227111144.0
008 890621s1932 nyu 000 0 eng
010 _aca 36001790
035 _a(OCoLC)19903403
040 _aDLC
_cRPB
_dDLC
042 _apremarc
050 0 0 _aPN6120.C5
_bH545
082 _a812.5
100 1 _aHolbrook, Marion.
245 1 4 _aThe princess who could not be merry,
_ba Christmas play,
_cby Marion Holbrook ...
260 _aNew York,
_bFitzgerald Publishing Corporation
_c[c1932]
300 _a14 p.
_c19 cm.
490 0 _aPlayhouse plays
650 0 _aChristmas plays.
999 _c18370
_d18370